Financial accounting & auditing : (Record no. 78716)

MARC details
000 -LEADER
fixed length control field 00615nam a22001937a 4500
005 - DATE AND TIME OF LATEST TRANSACTION
control field 20130903123043.0
010 ## - LCCN (DPL NO)
LC control number ENG-108340
020 ## - INTERNATIONAL STANDARD BOOK NUMBER
Terms of availability 450.00
International Standard Book Number 9789350978085
035 ## - SYSTEM CONTROL NUMBER
System control number EN-91873
037 ## - SOURCE OF ACQUISITION
Source of stock number/acquisition DBAD/PUB
082 ## - DEWEY DECIMAL CLASSIFICATION NUMBER
Classification number 657.48
100 ## - MAIN ENTRY--PERSONAL NAME
Personal name Jawahar Lal
245 ## - TITLE STATEMENT
Title Financial accounting & auditing :
Statement of responsibility, etc by Jawahar Lal [and] Seema Srivastava
Remainder of title for four year degree course in commerce /
260 ## - PUBLICATION, DISTRIBUTION, ETC. (IMPRINT)
Place of publication, distribution, etc Mumbai
Name of publisher, distributor, etc Himalaya Publishing House
Date of publication, distribution, etc 2013
270 ## - ADDRESS
Address Girgaon
City Mumbai
Postal code 400004
300 ## - PHYSICAL DESCRIPTION
Extent xv,740p. :
Dimensions 28cm(pbk)
Other physical details ill.
700 ## - ADDED ENTRY--PERSONAL NAME
Personal name Srivastava, Seema
942 ## - ADDED ENTRY ELEMENTS (KOHA)
Source of classification or shelving scheme Dewey Decimal Classification
Item type English Books
Call number suffix JAW
Classification part 657.48
Holdings
Withdrawn status Lost status Not for loan Collection code Home library Current library Date acquired Source of acquisition Cost, normal purchase price Full call number Barcode Copy number Cost, replacement price Koha item type
    Not For Loan Non-fiction D.B.Act.Division D.B.Act.Division 22/08/2013 DBAD / PUB 450.00 657.48 JAW EN-91873 1 450.00 English Books

© Delhi Public Library
Hit Counter
free hit counter